000 00543nmm a2200169Ia 4500
008 251105s9999||||xx |||||||||||||||||und||
020 _a9788437065304
041 _aspa
100 _aBermúdez Quintana, Elba M.
245 0 _aMujeres inmigrantes y salud :
_b Testimonios colombianos
264 _a[Madrid, España] :
_bPublicaciones de la Universidad de Valencia (PUV),
_c2006
300 _a208 páginas
490 _aFora de Col·lecció
650 _aSociology
856 _uhttps://public.digitaliapublishing.com/a/35316
942 _cCF
999 _c82361
_d82361